<?xml version="1.0" encoding="UTF-8"?>
<record
    xmlns:xsi="http://www.w3.org/2001/XMLSchema-instance"
    xsi:schemaLocation="http://www.loc.gov/MARC21/slim http://www.loc.gov/standards/marcxml/schema/MARC21slim.xsd"
    xmlns="http://www.loc.gov/MARC21/slim">

  <leader>01407aam a2200397 i 4500</leader>
  <datafield tag="999" ind1=" " ind2=" ">
    <subfield code="c">169660</subfield>
    <subfield code="d">169660</subfield>
  </datafield>
  <controlfield tag="001">vtls000819930</controlfield>
  <controlfield tag="003">PNM</controlfield>
  <controlfield tag="005">20190908122312.0</controlfield>
  <controlfield tag="008">161111t20172017my ao  g     a001 0dmay  </controlfield>
  <datafield tag="015" ind1=" " ind2=" ">
    <subfield code="a">M181-00372</subfield>
  </datafield>
  <datafield tag="020" ind1=" " ind2=" ">
    <subfield code="a">9789675985515</subfield>
    <subfield code="q">paperback</subfield>
    <subfield code="c">RM50.00</subfield>
  </datafield>
  <datafield tag="039" ind1=" " ind2="9">
    <subfield code="a">201809060917</subfield>
    <subfield code="b">azeantie</subfield>
    <subfield code="c">201808101117</subfield>
    <subfield code="d">hisyamuddin_m</subfield>
    <subfield code="c">201803161502</subfield>
    <subfield code="d">mawarny</subfield>
    <subfield code="c">201803161501</subfield>
    <subfield code="d">mawarny</subfield>
  </datafield>
  <datafield tag="040" ind1=" " ind2=" ">
    <subfield code="a">BNM</subfield>
    <subfield code="b">eng</subfield>
    <subfield code="c">BNM</subfield>
    <subfield code="d">PPAK</subfield>
    <subfield code="e">rda</subfield>
  </datafield>
  <datafield tag="049" ind1=" " ind2=" ">
    <subfield code="a">klpmal</subfield>
  </datafield>
  <datafield tag="082" ind1="0" ind2="4">
    <subfield code="a">923.5595</subfield>
    <subfield code="2">23</subfield>
  </datafield>
  <datafield tag="090" ind1="0" ind2="0">
    <subfield code="a">923.5595</subfield>
    <subfield code="b">WAN</subfield>
    <subfield code="d">G</subfield>
  </datafield>
  <datafield tag="090" ind1="2" ind2="0">
    <subfield code="a">923.5595</subfield>
    <subfield code="b">WAN</subfield>
    <subfield code="d">KK </subfield>
  </datafield>
  <datafield tag="100" ind1="0" ind2=" ">
    <subfield code="a">Wan Hashim Wan Teh,</subfield>
    <subfield code="c">Prof. Emeritus, Dato' Dr.,</subfield>
    <subfield code="d">1949-</subfield>
    <subfield code="e">author.</subfield>
  </datafield>
  <datafield tag="245" ind1="1" ind2="0">
    <subfield code="a">Memori SEORANG JENERAL MOHD GHAZALI HAJI CHE MAT /</subfield>
    <subfield code="c">WAN HASHIM, JESSICA ONG</subfield>
  </datafield>
  <datafield tag="264" ind1=" " ind2="1">
    <subfield code="a">Kuala Lumpur :</subfield>
    <subfield code="b">Penerbit UPNM, Universiti Pertahanan Nasional Malaysia,</subfield>
    <subfield code="c">2017</subfield>
  </datafield>
  <datafield tag="264" ind1=" " ind2="4">
    <subfield code="c">&#xA9;2017</subfield>
  </datafield>
  <datafield tag="300" ind1=" " ind2=" ">
    <subfield code="a">xvi, 161 pages :</subfield>
    <subfield code="b">colour photographs ;</subfield>
    <subfield code="c">23 cm</subfield>
  </datafield>
  <datafield tag="336" ind1=" " ind2=" ">
    <subfield code="a">text</subfield>
    <subfield code="2">rdacontent</subfield>
  </datafield>
  <datafield tag="337" ind1=" " ind2=" ">
    <subfield code="a">unmediated</subfield>
    <subfield code="2">rdamedia</subfield>
  </datafield>
  <datafield tag="338" ind1=" " ind2=" ">
    <subfield code="a">volume</subfield>
    <subfield code="2">rdacarrier</subfield>
  </datafield>
  <datafield tag="500" ind1=" " ind2=" ">
    <subfield code="a">Includes index</subfield>
  </datafield>
  <datafield tag="504" ind1=" " ind2=" ">
    <subfield code="a">Bibliography: pages 151-152</subfield>
  </datafield>
  <datafield tag="600" ind1="0" ind2="0">
    <subfield code="a">Mohd. Ghazali Che Mat,</subfield>
    <subfield code="c">Jeneral Tan Sri Dato' Seri</subfield>
  </datafield>
  <datafield tag="650" ind1="1" ind2="0">
    <subfield code="a">Heroes</subfield>
    <subfield code="z">Malaysia</subfield>
    <subfield code="v">Biography</subfield>
  </datafield>
  <datafield tag="650" ind1="2" ind2="0">
    <subfield code="a">Military biography</subfield>
    <subfield code="z">Malaysia</subfield>
  </datafield>
  <datafield tag="700" ind1="1" ind2=" ">
    <subfield code="a">Ong, Jessica Hai Liaw,</subfield>
    <subfield code="c">Prof. Madya Dr.,</subfield>
    <subfield code="e">author.</subfield>
  </datafield>
  <datafield tag="942" ind1=" " ind2=" ">
    <subfield code="2">ddc</subfield>
    <subfield code="c">B</subfield>
  </datafield>
  <datafield tag="949" ind1=" " ind2=" ">
    <subfield code="6">1001391834</subfield>
  </datafield>
  <datafield tag="949" ind1=" " ind2=" ">
    <subfield code="6">1001391835</subfield>
  </datafield>
  <datafield tag="949" ind1=" " ind2=" ">
    <subfield code="6">2000098048</subfield>
    <subfield code="a">923.5595 WAN KK</subfield>
  </datafield>
  <datafield tag="952" ind1=" " ind2=" ">
    <subfield code="0">0</subfield>
    <subfield code="7">1</subfield>
    <subfield code="b">PPAK</subfield>
    <subfield code="c">KK</subfield>
    <subfield code="d">2018-10-31</subfield>
    <subfield code="o">KK 923.5595 WAN</subfield>
    <subfield code="p">A00366971</subfield>
    <subfield code="r">2018-10-31 00:00:00</subfield>
    <subfield code="y">B</subfield>
  </datafield>
  <datafield tag="952" ind1=" " ind2=" ">
    <subfield code="0">0</subfield>
    <subfield code="7">0</subfield>
    <subfield code="b">PPAK</subfield>
    <subfield code="c">G</subfield>
    <subfield code="d">2019-09-15</subfield>
    <subfield code="l">2</subfield>
    <subfield code="o">923.5595 WAN</subfield>
    <subfield code="p">A01614281</subfield>
    <subfield code="r">2020-02-12 00:00:00</subfield>
    <subfield code="s">2020-01-27</subfield>
    <subfield code="y">B</subfield>
  </datafield>
  <datafield tag="952" ind1=" " ind2=" ">
    <subfield code="0">0</subfield>
    <subfield code="7">0</subfield>
    <subfield code="b">SP</subfield>
    <subfield code="c">G</subfield>
    <subfield code="d">2019-09-15</subfield>
    <subfield code="l">1</subfield>
    <subfield code="o">923.5595 WAN</subfield>
    <subfield code="p">A01614282</subfield>
    <subfield code="r">2022-12-03 00:00:00</subfield>
    <subfield code="s">2022-11-07</subfield>
    <subfield code="y">B</subfield>
  </datafield>
  <datafield tag="952" ind1=" " ind2=" ">
    <subfield code="0">0</subfield>
    <subfield code="7">0</subfield>
    <subfield code="b">KM</subfield>
    <subfield code="c">G</subfield>
    <subfield code="d">2019-09-15</subfield>
    <subfield code="o">923.5595 WAN</subfield>
    <subfield code="p">A01614283</subfield>
    <subfield code="r">2019-09-15 00:00:00</subfield>
    <subfield code="y">B</subfield>
  </datafield>
  <datafield tag="952" ind1=" " ind2=" ">
    <subfield code="0">0</subfield>
    <subfield code="7">0</subfield>
    <subfield code="b">LW</subfield>
    <subfield code="c">G</subfield>
    <subfield code="d">2019-09-15</subfield>
    <subfield code="o">923.5595 WAN</subfield>
    <subfield code="p">A01614285</subfield>
    <subfield code="r">2019-09-15 00:00:00</subfield>
    <subfield code="y">B</subfield>
  </datafield>
  <datafield tag="952" ind1=" " ind2=" ">
    <subfield code="0">0</subfield>
    <subfield code="7">0</subfield>
    <subfield code="b">BL</subfield>
    <subfield code="c">G</subfield>
    <subfield code="d">2019-09-15</subfield>
    <subfield code="o">923.5595 WAN</subfield>
    <subfield code="p">A01614286</subfield>
    <subfield code="r">2019-09-15 00:00:00</subfield>
    <subfield code="y">B</subfield>
  </datafield>
  <datafield tag="952" ind1=" " ind2=" ">
    <subfield code="0">0</subfield>
    <subfield code="7">0</subfield>
    <subfield code="b">BB</subfield>
    <subfield code="c">G</subfield>
    <subfield code="d">2019-09-15</subfield>
    <subfield code="l">1</subfield>
    <subfield code="o">923.5595 WAN</subfield>
    <subfield code="p">A01614287</subfield>
    <subfield code="r">2024-06-26 16:03:09</subfield>
    <subfield code="s">2024-06-05</subfield>
    <subfield code="y">B</subfield>
  </datafield>
  <datafield tag="952" ind1=" " ind2=" ">
    <subfield code="0">0</subfield>
    <subfield code="7">0</subfield>
    <subfield code="b">MR</subfield>
    <subfield code="c">G</subfield>
    <subfield code="d">2019-09-15</subfield>
    <subfield code="o">923.5595 WAN</subfield>
    <subfield code="p">A01614288</subfield>
    <subfield code="r">2019-09-15 00:00:00</subfield>
    <subfield code="y">B</subfield>
  </datafield>
  <datafield tag="952" ind1=" " ind2=" ">
    <subfield code="0">0</subfield>
    <subfield code="7">0</subfield>
    <subfield code="b">YN</subfield>
    <subfield code="c">G</subfield>
    <subfield code="d">2019-09-15</subfield>
    <subfield code="o">923.5595 WAN</subfield>
    <subfield code="p">A01614289</subfield>
    <subfield code="r">2019-09-15 00:00:00</subfield>
    <subfield code="y">B</subfield>
  </datafield>
</record>
